Calculus : early transcendentals

محفوظ في:
التفاصيل البيبلوغرافية
المؤلف الرئيسي:  Stewart, James
التنسيق: Sách
اللغة:Undetermined
منشور في:  Cengage Learning  2016
الموضوعات:
الوسوم: إضافة وسم
لا توجد وسوم, كن أول من يضع وسما على هذه التسجيلة!
Thư viện lưu trữ: Trung tâm Thư viện - Trường Đại học Công nghiệp TP. Hồ Chí Minh
LEADER 00465nam a2200157Ia 4500
001 UIH_02671
008 231011s9999 xx 000 0 und d
082 |a  515.15 
100 |a  Stewart, James 
245 0 |a  Calculus : early transcendentals 
245 0 |c  Stewart, James 
260 |b  Cengage Learning 
260 |c  2016 
650 |a  Calculus;  
927 |a Sách 
980 |a Trung tâm Thư viện - Trường Đại học Công nghiệp TP. Hồ Chí Minh